LEADER 01640nam a2200265 i 4500 001 000000066922 003 CaOOAMICUS 005 20140204000000.0 008 140204s1947 it u000 u ita u 013 $a38094 040 $aSeMil$bita 100 1 $aD'Elia, Pasquale Maria.$0(OLS)http://semarc/name/10619 245 10$aGalileo in Cina :$brelazioni attraverso il Collegio Romano tra Galileo e i gesuiti scienziati missionari in Cina (1610-1640) /$cPasquale M. D'Elia S. I. Professore di Sinologia nella Pontificia Universitā Gregoriana e nella Universitā degli Studi di Roma. 260 $aRomae :$bApud Aedes Universitatis Gregorianae,$c1947. 300 $aXII, 127 p. :$bill. ;$c24 cm. 490 0 $aAnalecta Gregoriana ;$vVol.37. Series Facultatis Missiologicae. Sectio A, n. 1 490 0 $aAnalecta Gregoriana. Series Facultatis Missiologicae. Sectio A ;$v1 500 $aContiene : Appendice. 650 4$aGalilei, Galileo <1564-1642> - Relazioni con i gesuiti scienziati.$0(OLS)http://semarc/subject/13021 830 0$aAnalecta Gregoriana ;$vVol.37. Series Facultatis Missiologicae. Sectio A, n. 1.$0(OLS)http://semarc/title/9 830 0$aAnalecta Gregoriana. Series Facultatis Missiologicae. Sectio A ;$v1.$0(OLS)http://semarc/title/39945 850 $aSeMil 852 $aSeMil$W1$xVenegono$y1$m2N V 137$j33075$B33075$CSeMilBibl$Z2$F33078 $81 996 $6245$aGalileo in Cina :$brelazioni attraverso il Collegio Romano tra Galileo e i gesuiti scienziati missionari in Cina (1610-1640)$9(OLS)http://semarc/title/106544 996 $6260$aRomae :$bApud Aedes Universitatis Gregorianae$9(OLS)http://semarc/publisher/30266 LEADER 01251nam a2200253 i 4500 001 000000203342 003 CaOOAMICUS 005 20110624000000.0 008 110624s1979 it u000 u ita u 013 $a182054 040 $aSeMil$bita 100 1 $aMaggiolini, Alessandro .$0(OLS)http://semarc/name/7299 245 10$aTempo di missione :$bincontri di quaresima proposti ai giovani in Duomo a Milano /$cMons. Sandro Maggiolini ... [et al.]. 260 $aMilano :$bĀncora,$ccopyr. 1979. 300 $a64 p. ;$c19 cm. 774 0 $aMaggiolini, Alessandro $tAnnunciamo un Dio che ci rende liberi e creativi.$w()318225 774 0 $aSaldarini, Giovanni $tChiesa.$w()318226 774 0 $aGirardi, Giacomo$tFede e missione.$w()318227 774 0 $aColombo, Giovanni $tFede in Cristo ed evangelizzazione.$w()318228 850 $aSeMil 852 $aSeMil$W1$xVenegono$y1$m5D VIII 23/42$j153838$B153838$CSeMilBibl$Z2$F164666 $81 961 $aOmaggio: Altro 996 $6245$aTempo di missione :$bincontri di quaresima proposti ai giovani in Duomo a Milano$9(OLS)http://semarc/title/294437 996 $6260$aMilano :$bĀncora$9(OLS)http://semarc/publisher/29763